| 000 | 00547cam a2200169 a 4500 | ||
|---|---|---|---|
| 020 | _a0078814669 : | ||
| 082 | 0 | 0 |
_a652.5 _bUSI |
| 100 | 1 |
_aMatthews, Carole Boggs. _944461 |
|
| 245 | 1 | 0 |
_aUsing WordStar professional / _cCarole Boggs Matthews, Martin S. Matthews. |
| 250 | _aSer. 5 ed. | ||
| 260 |
_aBerkeley : _bMicroPro Osborne/McGraw-Hill, _cc1989. |
||
| 300 |
_axvii, 548 p. : _bill. ; _c24 cm. |
||
| 526 |
_a0 _b0 _c0 _d652_000000000000000_4USI |
||
| 650 | 0 |
_aWord processing. _936793 |
|
| 700 | 1 |
_aMatthews, Martin S. _944462 |
|
| 942 |
_2ddc _cBK |
||
| 999 |
_c548246 _d548246 |
||